000 00830nam a22002297a 4500
003 LK-CoDNM
005 20241009105800.0
008 241009b |||||||| |||| 00| 0 eng d
040 _aLK-CoDNM
_dLK-CoDNM
_eLK-CoDNM
041 _asin
080 _a105B42
100 _a පූජය මාහෝ සුමේද හිමි
245 _aඋතුම් ප්‍රාර්තනා
260 _aමහව විලෝගෙදර
_bකේ.බී.බණ්ඩාරනායක මහතා
300 _a32p. : 17 cm
650 _aඋතුම් ප්‍රාර්තනා
650 _a පූජය මාහෝ සුමේද හිමි
650 _aමහව විලෝගෙදර
650 _aකේ.බී.බණ්ඩාරනායක මහතා
650 _a105B42
942 _cBK
999 _c218579
_d218579